All NES Switch Online Games - Statistics

General Stats
  • This quiz has been taken 6 times
    4 since last reset
  • The average score is 20 of 84
Answer Stats
Answer % Correct
Mario Bros.
100%
Super Mario Bros.
100%
Super Mario Bros. 2
100%
Super Mario Bros. 3
100%
Adventures of Lolo
50%
Balloon Fight
50%
Baseball
50%
Blaster Master
50%
City Connection
50%
Clu Clu Land
50%
Donkey Kong
50%
Donkey Kong 3
50%
Donkey Kong Jr.
50%
Double Dragon
50%
Dr. Mario
50%
Eliminator Boat Duel
50%
Excitebike
50%
Ghosts 'n Goblins
50%
Golf
50%
Gradius
50%
Ice Climber
50%
Ice Hockey
50%
Journey to Silius
50%
Mighty Bomb Jack
50%
Ninja Gaiden
50%
Pro Wrestling
50%
Soccer
50%
StarTropics
50%
Super Dodge Ball
50%
Super Mario Bros.: The Lost Levels
50%
Tecmo Bowl
50%
Tennis
50%
Tetris
50%
The Legend of Zelda
50%
Volleyball
50%
Wrecking Crew
50%
Battletoads
0%
Cobra Triangle
0%
Crystalis
0%
Daiva Story 6 Imperial Of Nirsartia
0%
Devil World
0%
Dig Dug II
0%
Donkey Kong Jr. Math
0%
Double Dragon II: The Revenge
0%
Downtown Nekketsu March Super-Awesome Field Day!
0%
EarthBound Beginnings
0%
Fire 'n Ice
0%
Joy Mech Fight
0%
Kid Icarus
0%
Kirby's Adventure
0%
Kung-Fu Heroes
0%
Mach Rider
0%
Mappy-Land
0%
Mendel Palace
0%
Metroid
0%
Mystery Tower
0%
NES Open Tournament Golf
0%
Nightshade
0%
Ninja Gaiden II: The Dark Sword of Chaos
0%
Ninja JaJaMaru-kun
0%
PAC-MAN
0%
Pinball
0%
Punch-Out!! Featuring Mr. Dream
0%
R.C. Pro-Am
0%
River City Ransom
0%
Rygar
0%
S.C.A.T.: Special Cybernetic Attack Team
0%
Shadow of the Ninja
0%
Snake Rattle N Roll
0%
Solar Jetman
0%
Solomon's Key
0%
Star Soldier
0%
The Immortal
0%
The Mysterious Murasame Castle
0%
The Mystery of Atlantis
0%
THE TOWER OF DRUAGA
0%
TwinBee
0%
Urban Champion
0%
Vice: Project Doom
0%
VS. Excitebike
0%
Wario's Woods
0%
Xevious
0%
Yoshi
0%
Zelda II: The Adventure of Link
0%
No matching quizzes found
Score Distribution
Percent of People with Each Score
Percentile by Number Answered
Your Score History
You have not taken this quiz since the last reset